Crónica de una muerte anunciada (Registro nro. 1880)
[ vista simple ]
| 000 -CABECERA | |
|---|---|
| Longitud fija campo de control | 00824nam a2200265Ia 4500 |
| 005 - • FECHA Y HORA DE LA ÚLTIMA TRANSACCIÓN | |
| Fecha y hora de la última transacción | 20220316235712.0 |
| 008 - • CÓDIGOS DE INFORMACIÓN DE LONGITUD FIJA | |
| Códigos de información de longitud fija | 121119s2002 ck gr 000 f spa |
| 020 ## - • NÚMERO INTERNACIONAL NORMALIZADO PARA LIBROS | |
| Número Internacional Normalizado para Libros (ISBN) | 9580469725 |
| 041 0# - • CÓDIGO DE LENGUA | |
| Código de lengua del texto/banda sonora o título independiente | spa |
| 040 ## - FUENTE DE LA CATALOGACIÓN | |
| Centro catalogador de origen | CO-BoRNBP |
| Lengua de catalogación | spa |
| Normas de descripción | rda |
| Centro transcriptor | CO-BoRNBP |
| 084 ## - • Clasificación Local Alfanúmerica PNLB | |
| Número de clasificación | N GAR2 |
| 100 1# - • PUNTO DE ACCESO PRINCIPAL-NOMBRE DE PERSONA | |
| Nombre de persona | García Márquez, Gabriel |
| Fechas asociadas al nombre | 1928- |
| 245 10 - • TITULO PROPIAMENTE DICHO | |
| Título | Crónica de una muerte anunciada |
| Mención de responsabilidad, etc. | Gabriel García Márquez |
| 250 ## - • MENCIÓN DE EDICIÓN | |
| Mención de edición | Tercera edición |
| 264 ## - PRODUCCIÓN, PUBLICACIÓN , DISTRIBUCIÓN, FABRICACIÓN Y COPYRIGHT | |
| Lugar de producción, publicación, distribución, fabricación | Bogotá |
| Nombre del productor, editor, distribuidor, fabricante | Norma |
| Fecha de de producción, publicación, distribución, fabricación o copyright | 2002 |
| 300 ## - • DESCRIPCIÓN FÍSICA | |
| Extensión | 88, 69 páginas |
| Dimensiones | 19 cm |
| 336 ## - TIPO DE CONTENIDO | |
| Término de tipo de contenido | texto |
| Código de tipo de contenido | txt |
| Fuente | rdacontent |
| 337 ## - TIPO DE MEDIO | |
| Nombre del tipo de medio | sin mediación |
| Código del tipo de medio | n |
| Fuente | rdamedia |
| 338 ## - TIPO DE SOPORTE | |
| Nombre del tipo de soporte | volumen |
| Código del tipo de soporte | nc |
| Fuente | rdacarrier |
| 501 ## - • NOTA DE "CON" | |
| Nota de "Con" | Con: A propósito de Gabriel García Márquez y su obra |
| 650 14 - • PUNTO DE ACCESO ADICIONAL DE MATERIA - TÉRMINO DE MATERIA | |
| Término de materia o nombre geográfico como elemento inicial | Novela colombiana |
| Fuente del encabezamiento o término | LEMB |
| 650 14 - • PUNTO DE ACCESO ADICIONAL DE MATERIA - TÉRMINO DE MATERIA | |
| Término de materia o nombre geográfico como elemento inicial | Muerte |
| Subdivisión de forma | Novela |
| Fuente del encabezamiento o término | LEMB |
| 650 14 - • PUNTO DE ACCESO ADICIONAL DE MATERIA - TÉRMINO DE MATERIA | |
| Término de materia o nombre geográfico como elemento inicial | Venganza |
| Subdivisión de forma | Novela |
| Fuente del encabezamiento o término | LEMB |
| 942 ## - ENTRADA DE ELEMENTOS AGREGADOS (KOHA) | |
| Fuente de clasificaión o esquema | |
| Koha [por defecto] tipo de item | Libro Literatura |
| Perdido | Fuente de clasificación o esquema | Estado Físico | No para préstamo | Forma de adquisición | Localización permanente | Localización actual | Localización en estanterías | Fecha adquisición | Préstamos totales | Signatura completa | Código de barras | Fecha última consulta | Número de copia | Fecha del precio de reemplazo | Tipo de item de Koha | Número de registro | Fuente de adquisición |
|---|---|---|---|---|---|---|---|---|---|---|---|---|---|---|---|---|---|
| Dewey Decimal Classification | Colección General | Biblioteca Pública Barranca de Upia - María Dolores Herrera | Biblioteca Pública Barranca de Upia - María Dolores Herrera | Literatura | 09/12/2023 | N GAR2 | BUP00186 | 09/12/2023 | Ej.1 | 09/12/2023 | Libro Literatura | ||||||
| Dewey Decimal Classification | Literatura General | Biblioteca Pública Granada - Boca del Monte | Biblioteca Pública Granada - Boca del Monte | Literatura | 04/30/2026 | N GAR2 | GRDA05406 | 04/30/2026 | Ej.3 | 04/30/2026 | Libro Literatura | BIBLIOTECA NACIONAL | |||||
| Dewey Decimal Classification | Colección General | Biblioteca Pública Uribe - Reinerio Arenas | Biblioteca Pública Uribe - Reinerio Arenas | Literatura | 10/01/2024 | N GAR2 | URI01557 | 10/01/2024 | Ej.1 | 10/01/2024 | Libro Literatura | ||||||
| Dewey Decimal Classification | Biblioteca Pública Vistahermosa | Biblioteca Pública Vistahermosa | 06/04/2024 | N | VIST 0001203 | 06/04/2024 | Ej.1 | 06/04/2024 | Libro Literatura | N GAR2 Ej.1 |